Central Library OPAC University of Rajshahi

আধুনিক বাঙলা-সাহিত্যে মুসলিম সাধনা / (Record no. 53852)

MARC details
000 -LEADER
fixed length control field 00984nam a2200241 a 4500
001 - CONTROL NUMBER
control field 53852
003 - CONTROL NUMBER IDENTIFIER
rucl marc code BD-RjUL
005 - DATE AND TIME OF LATEST TRANSACTION
control field 20211209080030.0
008 - FIXED-LENGTH DATA ELEMENTS--GENERAL INFORMATION
fixed length control field 161027s1961 bg ||||| |||| 00| 0 ben d
020 ## - INTERNATIONAL STANDARD BOOK NUMBER
Terms of availability : TK 10.00
035 ## - SYSTEM CONTROL NUMBER
System control number (BD-RjUL)53974
040 ## - CATALOGING SOURCE
Original cataloging agency BD-RjUL
Language of cataloging ben
Transcribing agency BD-RjUL
041 ## - LANGUAGE CODE
Language code of text/sound track or separate title ben
082 ## - DEWEY DECIMAL CLASSIFICATION NUMBER
Edition number 23
Classification number 891.4409
Author mark and year MAA 1961
100 ## - MAIN ENTRY--PERSONAL NAME
Personal name মান্নান, কাজী আবদুল
9 (RLIN) 135192
245 10 - TITLE STATEMENT
Title আধুনিক বাঙলা-সাহিত্যে মুসলিম সাধনা /
Statement of responsibility, etc. কাজী আবদুল মান্নান
260 ## - PUBLICATION, DISTRIBUTION, ETC. (IMPRINT)
Place of publication, distribution, etc. রাজশাহী :
Name of publisher, distributor, etc. কাজী আবদুল মান্নান,
Date of publication, distribution, etc. ১৯৬১
300 ## - PHYSICAL DESCRIPTION
Pagination খণ্ড. ;
Size ২১ সেমি.
505 0# - FORMATTED CONTENTS NOTE
Formatted contents note খণ্ড ১ --
650 ## - SUBJECT ADDED ENTRY--TOPICAL TERM
Topical term or geographic name as entry element বাংলা সাহিত্য
General subdivision ইতিহাস ও সমালোচনা
9 (RLIN) 160864
Topical term or geographic name as entry element Bengali Literature
General subdivision History & Criticism
9 (RLIN) 160865
942 ## - ADDED ENTRY ELEMENTS (KOHA)
Source of classification or shelving scheme Dewey Decimal Classification
Koha item type Books
Holdings
Lost status Source of classification or shelving scheme Damaged status Not for loan Collection code Permanent Location Current Location Shelving location Date acquired Source of acquisition Cost, normal purchase price Total Checkouts Full call number Date last seen Date checked out Copy number Koha item type
  Dewey Decimal Classification     Non-fiction Central Library, University of Rajshahi Central Library, University of Rajshahi   11/02/1967 Nawroge kitabstan, Dhaka 10.00 1 B 891.4409 MAA V-1 1961 08/10/2024 11/09/2024 C-2 Books
  Dewey Decimal Classification     Non-fiction Central Library, University of Rajshahi Central Library, University of Rajshahi   16/02/1965 Bangla dept. R.U 10.00   B 891.4409 MAA V-1 1961 27/10/2016   C-3 Books
  Dewey Decimal Classification     Non-fiction Central Library, University of Rajshahi Central Library, University of Rajshahi   23/11/1966 N/A 10.00   B 891.4409 MAA V-1 1961 27/10/2016   C-4 Books
  Dewey Decimal Classification     Non-fiction Central Library, University of Rajshahi Central Library, University of Rajshahi   04/03/2001 Bangla dept. R.U 10.00   B 891.4409 MAA V-1 1961 27/10/2016   C-5 Books
  Dewey Decimal Classification     Non-fiction Central Library, University of Rajshahi Central Library, University of Rajshahi   10/02/1967 Nawroge kitabstan, Dhaka 10.00   B 891.4409 MAA V-1 1961 06/11/2016   C-6 Books
  Dewey Decimal Classification     Non-fiction Central Library, University of Rajshahi Central Library, University of Rajshahi   11/02/1967 Nowrose kitabitan, Dhaka. 10.00   B 891.4409 MAA V-1 1961 07/11/2016   C-7 Books
  Dewey Decimal Classification     Non-fiction Central Library, University of Rajshahi Central Library, University of Rajshahi   28/11/1966 N/A 0.00   B 891.4409 MAA V-1 1961 15/11/2016   C-8 Books
  Dewey Decimal Classification     Fiction Central Library, University of Rajshahi Central Library, University of Rajshahi   04/03/2001 Bangla Dept., RU 10.00   B 891.4409 MAA V-1 1961 07/03/2021   C-9 Books
  Dewey Decimal Classification   Not For Loan Fiction Central Library, University of Rajshahi Central Library, University of Rajshahi Reading Room 04/03/2001 Bangla Dept., RU 10.00   B 891.4409 MAA V-1 1961 07/03/2021   C-1 Books
  Dewey Decimal Classification     Non-fiction Central Library, University of Rajshahi Central Library, University of Rajshahi   10/02/1967 Nowroz 10.00   B 891.4409 MAA V-1 1961 17/08/2021   C-10 Books
  Dewey Decimal Classification     Non-fiction Central Library, University of Rajshahi Central Library, University of Rajshahi General Stacks 10/02/1967 Nourose kitabistan 10.00   B 891.4409 MAA 1961 01/11/2022   C-11 Books